000 00410nam a2200157Ia 4500
005 20250519115456.0
008 250327s9999 xx 000 0 und d
020 _a9788129144645
_qpbk
082 _a428.1
_bVAJ
100 _aVajpai, Neeru
245 0 _a100 first words
_cNeeru Vajpai
250 _aFirst edition
260 _bRupa Publications India
_c2017
_aNew Delhi
300 _a32 p.
942 _cENGLISH
999 _c569913
_d569913